| 000 | 00472nam a2200181 a 4500 | ||
|---|---|---|---|
| 001 | 11010 | ||
| 005 | 20230414123551.0 | ||
| 008 | 140415s1988 mx 000 0 spa d | ||
| 041 | _aspa | ||
| 082 |
_a615.58 _bHAV |
||
| 100 | 1 | _aHAVARD, MARGARET | |
| 245 | 1 | 0 | _aFARMACOS EN ENFERMERIA |
| 250 | _a1a ed. | ||
| 260 |
_aMEXICO : _bEL MANUAL MODERNO, _c1988 |
||
| 300 | _a360 | ||
| 650 | 1 | 4 |
_aFARMACOLOGIA _xMEDICAMENTOS _xDOSIFICACION |
| 700 | 1 |
_aSAPIÑA RENARD, SANTIAGO _etr. |
|
| 999 |
_c11010 _d11010 |
||